000 01486nam0a2200349 i 4500
001 RU\NLR\BIBL_A\010411173
005 20260406023707.0
010 _a9785906522399
_9500
021 _aRU
_b2014-32867
_92007
035 _a(NILC)RuMoRGB-007483677
035 _a(NLR Aleph) 010411173
090 _a9758916
_c9758916
100 _a20140702d2014 u y0rusy50 ca
101 0 _arus
_aara
_cara
102 _aRU
105 _ay|||j||||00yy
200 1 _aАрабский язык - ключ к знаниям
_e[учебное пособие]
_fХасан Хедия
_g[пер. на рус. яз.: бакалавр шариат. наук и араб. филологии, преп. Ильясов Ильяс (Вадим) Садыкович]
210 _aСаратов
_cБуква
_d2014
215 _a23 с.
_d21
300 _aНа обл. авт.: Хасан Хадия, на с. 23: Хассан Хедия
320 _aБиблиогр.: с. 22 (6 назв.)
606 _aАрабский язык
_jУчебные издания
_9993000
_3RU\NLR\AUTH\6657525
686 1 _aШ161.131-93рус
700 1 _aХедия
_bХ.
_gХасан
_9135472
_3RU\NLR\AUTH\770135507
702 1 _4730
_7ca
_8rus
_aИльясов
_bИ. С.
_gИльяс Садыкович
_9108174
_3RU\NLR\AUTH\77125249
801 0 _aRU
_bРГБ
_c20140505
_gRCR
852 _aNLR
_jОЛСАА
942 _cBOOK
980 _aNBR